000 00627nam a2200193 4500
008 260323b |||||||| |||| 00| 0 eng d
020 _a9780520313460
020 _a0520313461
024 _a1476592312
040 _aMksU
050 _aJC49
_b.A8 1961
100 _aAsad, Muhammad,
245 _aThe principles of state and government in Islam /
_cMuhammad Asad.
260 _aLos Angeles :
_bUniversity of California Press,
_cc1961.
300 _axiii, 107 pages ;
_c23 cm
650 _aConstitutional law (Islamic law)
650 _aConstitutional law
_zPakistan
942 _2lcc
_hJC49 .A8 1961
_cBOOKS
999 _c32380
_d32380